Normal view
MARC view
Entry Topical Term
001 - CONTROL NUMBER
- control field: 237932
003 - CONTROL NUMBER IDENTIFIER
- control field: OSt
005 - DATE AND TIME OF LATEST TRANSACTION
- control field: 20250830092128.0
008 - FIXED-LENGTH DATA ELEMENTS
- fixed length control field: 250830|| aca||aabn | a|a d
040 ## - CATALOGING SOURCE
- Original cataloging agency: OSt
- Transcribing agency: OSt
150 ## - HEADING--TOPICAL TERM
- Topical term or geographic name entry element: Sangitha
670 ## - SOURCE DATA FOUND
- Source citation: Work cat.: (OSt)105191: SASTRI (B V K), Ed. ಶಾಸ್ತ್ರಿ (ಬಿ ವಿ ಕೆ) 237930, Ganakala manjari. samputa -1, 1995